Using Focus Groups In Research (Record no. 3329)

MARC details
000 -LEADER
fixed length control field 00401nam a2200157Ia 4500
008 - FIXED-LENGTH DATA ELEMENTS--GENERAL INFORMATION
fixed length control field 230312s9999||||xx |||||||||||||| ||und||
020 ## - INTERNATIONAL STANDARD BOOK NUMBER
International Standard Book Number 0-8264-6472-6
082 ## - DEWEY DECIMAL CLASSIFICATION NUMBER
Classification number 001.42
Item number LIT
100 ## - MAIN ENTRY--PERSONAL NAME
Personal name Lia Litosseliti
245 #0 - TITLE STATEMENT
Title Using Focus Groups In Research
260 ## - PUBLICATION, DISTRIBUTION, ETC.
Name of publisher, distributor, etc. Continuum
Place of publication, distribution, etc. London
Date of publication, distribution, etc. 2005
300 ## - PHYSICAL DESCRIPTION
Extent 104
546 ## - LANGUAGE NOTE
Language note Eng.
650 ## - SUBJECT ADDED ENTRY--TOPICAL TERM
Topical term or geographic name entry element Management
Form subdivision Introducing focus Groups
942 ## - ADDED ENTRY ELEMENTS (KOHA)
Koha item type BOOK

No items available.

Powered by Koha